000 00731nam a2200181Ia 4500
008 151202s9999||||xx |||||||||||||| ||und||
082 _bPNVM-36631
100 _aअत्रे प्र.के.
245 _aकर्‍हेचे पाणी :आत्मचरित्र खं.2.
260 _b"परचुरे प्रकाशन मंदिर,मुंबई."
260 _c1985
300 _a381
600 _aअत्रे प्र.के.
630 _aकर्‍हेचे पाणी :आत्मचरित्र खं.2.
700 _aअत्रे प्र.के.
730 _aकर्‍हेचे पाणी :आत्मचरित्र खं.2.
942 _cBOOK
999 _c1302583
_d1302580